[Event "IND-ch U19"]
[Site "New Delhi"]
[Date "2018.12.04"]
[Round "9"]
[White "Sammed Jaykumar, Shete"]
[Black "Pranavananda, V."]
[Result "1-0"]
[WhiteElo "2368"]
[BlackElo "2230"]
[PlyCount "69"]
[EventDate "2018.11.28"]
[EventType "swiss"]
[EventRounds "11"]
[EventCountry "IND"]
[SourceTitle "CBM 187 Extra"]
[Source "ChessBase"]
[SourceDate "2018.11.04"]
[SourceVersion "1"]
[SourceVersionDate "2018.11.04"]
[SourceQuality "1"]

1. e4 c6 2. d4 d5 3. e5 c5 4. dxc5 e6 5. a3 Bxc5 6. b4 Be7 7. Qg4 g6 8. Nf3 a5 9. b5 Nd7 10. Bd3 h5 11. Qg3 h4 12. Qf4 Rh5 13. 0-0 g5 14. Qg4 Rh8 15. Re1 Qc7 16. Bxg5 Bxg5 17. Qxg5 Ne7 18. Nbd2 b6 19. Nb3 Bb7 20. a4 d4 21. Nbxd4 h3 22. g3 Nc5 23. Nc6 Nxd3 24. cxd3 Nxc6 25. Rac1 Qd7 26. bxc6 Bxc6 27. Qf6 Rh5 28. Ng5 Rxg5 29. Qxg5 Qd5 30. Re4 Qxd3 31. Rf4 Rd8 32. Qg8+ Kd7 33. Qxf7+ Kc8 34. Rxc6+ Kb8 35. Rxb6+ 1-0

[Event "IND-ch U19"]
[Site "New Delhi"]
[Date "2018.12.03"]
[Round "8"]
[White "Pranavananda, V."]
[Black "Aronyak, Ghosh"]
[Result "1/2-1/2"]
[WhiteElo "2230"]
[BlackElo "2343"]
[PlyCount "60"]
[EventDate "2018.11.28"]
[EventType "swiss"]
[EventRounds "11"]
[EventCountry "IND"]
[SourceTitle "CBM 187 Extra"]
[Source "ChessBase"]
[SourceDate "2018.11.04"]
[SourceVersion "1"]
[SourceVersionDate "2018.11.04"]
[SourceQuality "1"]

1. e4 c5 2. Nf3 d6 3. Bb5+ Bd7 4. Bxd7+ Qxd7 5. c4 Nc6 6. d4 cxd4 7. Nxd4 g6 8. Nc3 Bg7 9. Be3 Nf6 10. f3 0-0 11. 0-0 Rfc8 12. b3 e6 13. Qd2 d5 14. Nxc6 bxc6 15. Rad1 Qc7 16. cxd5 cxd5 17. Rc1 dxe4 18. Nd5 Qb7 19. Nxf6+ Bxf6 20. Rxc8+ Rxc8 21. fxe4 Be5 22. Qd3 Qb8 23. h3 Rc3 24. Qd2 Qc7 25. Rd1 Rc2 26. Qd8+ Qxd8 27. Rxd8+ Kg7 28. Rd2 Rc7 29. Rd8 Rc2 30. Rd2 Rc7 1/2-1/2

[Event "IND-ch U19"]
[Site "New Delhi"]
[Date "2018.12.02"]
[Round "7"]
[White "Rathanvel, VS."]
[Black "Pranavananda, V."]
[Result "0-1"]
[WhiteElo "2349"]
[BlackElo "2230"]
[PlyCount "68"]
[EventDate "2018.11.28"]
[EventType "swiss"]
[EventRounds "11"]
[EventCountry "IND"]
[SourceTitle "CBM 187 Extra"]
[Source "ChessBase"]
[SourceDate "2018.11.04"]
[SourceVersion "1"]
[SourceVersionDate "2018.11.04"]
[SourceQuality "1"]

1. e4 c5 2. Nf3 d6 3. d4 cxd4 4. Nxd4 Nf6 5. Nc3 a6 6. h3 e6 7. g4 Nfd7 8. Bg2 Nc6 9. Be3 Be7 10. 0-0 0-0 11. Nce2 Nde5 12. b3 Nxd4 13. Nxd4 Bd7 14. a4 b5 15. axb5 axb5 16. Qe2 b4 17. Qd2 Rxa1 18. Rxa1 Qb8 19. f4 Ng6 20. Ne2 Bb5 21. Nd4 Bd7 22. Nf3 Bc6 23. f5 Nh4 24. Nxh4 Bxh4 25. Ra6 Qc8 26. Ra7 d5 27. fxe6 fxe6 28. exd5 Bb7 29. g5 Bg3 30. dxe6 Bxg2 31. Qd4 Bb7 32. Qc4 Bh2+ 33. Kxh2 Qb8+ 34. Bf4 Rxf4 0-1

[Event "Abu Dhabi op 25th"]
[Site "Abu Dhabi"]
[Date "2018.08.14"]
[Round "8"]
[White "Pranavananda, V."]
[Black "Sultan, Ibrahim"]
[Result "1-0"]
[WhiteElo "2232"]
[BlackElo "2140"]
[PlyCount "49"]
[EventDate "2018.08.07"]
[EventType "swiss"]
[EventRounds "9"]
[EventCountry "UAE"]
[SourceTitle "CBM 185 Extra"]
[Source "ChessBase"]
[SourceDate "2018.07.29"]
[SourceVersion "1"]
[SourceVersionDate "2018.07.29"]
[SourceQuality "1"]

1. Nf3 d5 2. e3 Nf6 3. c4 c6 4. Nc3 e6 5. b3 Bd6 6. Bb2 Nbd7 7. Qc2 a6 8. d4 dxc4 9. Bxc4 c5 10. 0-0 b5 11. Bd3 Bb7 12. Ne4 Bxe4 13. Bxe4 Rc8 14. Bb7 Rb8 15. dxc5 Nxc5 16. Bc6+ Ke7 17. e4 Qb6 18. e5 Qxc6 19. b4 Rhc8 20. Rac1 Nfd7 21. exd6+ Qxd6 22. bxc5 Rxc5 23. Qxh7 g6 24. Qh4+ Ke8 25. Ba3 1-0

[Event "Abu Dhabi op 25th"]
[Site "Abu Dhabi"]
[Date "2018.08.09"]
[Round "3"]
[White "Sarvesh Kumar, A."]
[Black "Pranavananda, V."]
[Result "0-1"]
[WhiteElo "2145"]
[BlackElo "2232"]
[PlyCount "144"]
[EventDate "2018.08.07"]
[EventType "swiss"]
[EventRounds "9"]
[EventCountry "UAE"]
[SourceTitle "CBM 185 Extra"]
[Source "ChessBase"]
[SourceDate "2018.07.29"]
[SourceVersion "1"]
[SourceVersionDate "2018.07.29"]
[SourceQuality "1"]

1. e4 c5 2. Nf3 Nf6 3. Nc3 d5 4. exd5 Nxd5 5. Nxd5 Qxd5 6. d4 Bg4 7. dxc5 Qxd1+ 8. Kxd1 Nc6 9. h3 0-0-0+ 10. Bd3 Bxf3+ 11. gxf3 e5 12. Be3 f5 13. Ke1 f4 14. Bd2 Bxc5 15. Bc3 g6 16. Ke2 Bd4 17. Be4 Bxc3 18. bxc3 Rd6 19. Rhd1 Rhd8 20. Rxd6 Rxd6 21. Rb1 b6 22. Rg1 Ne7 23. Rg5 Nd5 24. Bxd5 Rxd5 25. h4 Ra5 26. h5 Rxa2 27. hxg6 hxg6 28. Kd2 Ra5 29. Rxg6 Rd5+ 30. Kc1 Kc7 31. Re6 a5 32. c4 Rc5 33. Kb2 Rxc4 34. Rxe5 Rb4+ 35. Ka3 Kd6 36. Rg5 Rd4 37. Kb3 Rb4+ 38. Ka3 Kc6 39. Rf5 Rd4 40. Kb3 a4+ 41. Kb2 Rb4+ 42. Ka3 Rc4 43. Rf6+ Kc5 44. Rf5+ Kc6 45. Rf6+ Kb5 46. Rf5+ Ka6 47. Rf8 Ka5 48. Kb2 Kb4 49. Rd8 a3+ 50. Kc1 b5 51. Rd1 Kc5 52. Kb1 Rc3 53. Ka2 Rxf3 54. Rd2 Rc3 55. Re2 b4 56. Rd2 Kc4 57. Kb1 b3 58. cxb3+ Kxb3 59. Rd1 Rh3 60. Ka1 Rf3 61. Rd2 Rh3 62. Rd1 Kc2 63. Rd4 Rd3 64. Rc4+ Kb3 65. Rc1 Rd2 66. Rf1 Ra2+ 67. Kb1 Rb2+ 68. Ka1 f3 69. Re1 Rxf2 70. Kb1 Re2 71. Rh1 f2 72. Rh3+ Kc4 0-1

[Event "Commonwealth-ch U20"]
[Site "New Delhi"]
[Date "2018.07.02"]
[Round "6"]
[White "Karthik, Venkataraman"]
[Black "Pranavananda, V."]
[Result "1-0"]
[WhiteElo "2475"]
[BlackElo "2183"]
[PlyCount "55"]
[EventDate "2018.06.26"]
[EventType "swiss"]
[EventRounds "7"]
[EventCountry "IND"]
[SourceTitle "CBM 185 Extra"]
[Source "ChessBase"]
[SourceDate "2018.07.29"]
[SourceVersion "1"]
[SourceVersionDate "2018.07.29"]
[SourceQuality "1"]

1. e4 c6 2. d4 d5 3. e5 Bf5 4. h4 h6 5. g4 Bd7 6. h5 c5 7. dxc5 Qc7 8. Be3 e6 9. Nc3 Bxc5 10. Bxc5 Qxc5 11. Nf3 Nc6 12. Qd2 Nge7 13. 0-0-0 b5 14. Nxb5 0-0 15. Qe3 Qb4 16. a3 Qa5 17. Nd6 Rab8 18. g5 d4 19. Nxd4 Nxd4 20. Qxd4 Nc6 21. Nc4 Qb5 22. Qc3 Ne7 23. gxh6 Rfc8 24. Rg1 Nf5 25. Rxg7+ Kh8 26. Rxf7 Bc6 27. Nd6 Qa4 28. Rxf5 1-0

[Event "Commonwealth-ch U20"]
[Site "New Delhi"]
[Date "2018.06.29"]
[Round "4"]
[White "Pranavananda, V."]
[Black "Krishna Teja, N."]
[Result "1/2-1/2"]
[WhiteElo "2183"]
[BlackElo "2389"]
[PlyCount "81"]
[EventDate "2018.06.26"]
[EventType "swiss"]
[EventRounds "7"]
[EventCountry "IND"]
[SourceTitle "CBM 185 Extra"]
[Source "ChessBase"]
[SourceDate "2018.07.29"]
[SourceVersion "1"]
[SourceVersionDate "2018.07.29"]
[SourceQuality "1"]

1. e4 c6 2. d4 d5 3. e5 Bf5 4. Nf3 e6 5. Be2 c5 6. Be3 cxd4 7. Nxd4 Ne7 8. 0-0 a6 9. c4 Nbc6 10. Qa4 dxc4 11. Bf3 Qa5 12. Qxa5 Nxa5 13. Nxf5 Nxf5 14. Bb6 Nc6 15. Bxc6+ bxc6 16. Nd2 Ne7 17. Rfc1 Nd5 18. Bd4 c3 19. Bxc3 Nxc3 20. Rxc3 Bb4 21. Rc2 Bxd2 22. Rxd2 Ke7 23. Rd6 Rhc8 24. f4 Rab8 25. b3 Rb4 26. Rc1 Rxf4 27. Rdxc6 Rxc6 28. Rxc6 a5 29. Ra6 a4 30. Rxa4 Rxa4 31. bxa4 f5 32. exf6+ gxf6 33. Kf2 Kd6 34. Ke3 Kc5 35. a3 Kb6 36. g4 Ka5 37. h4 h6 38. Kf4 Kxa4 39. g5 fxg5+ 40. hxg5 hxg5+ 41. Kxg5 1/2-1/2

[Event "Commonwealth-ch U20"]
[Site "New Delhi"]
[Date "2018.06.28"]
[Round "3"]
[White "Dixit, Nikhil"]
[Black "Pranavananda, V."]
[Result "1/2-1/2"]
[WhiteElo "2252"]
[BlackElo "2183"]
[PlyCount "115"]
[EventDate "2018.06.26"]
[EventType "swiss"]
[EventRounds "7"]
[EventCountry "IND"]
[SourceTitle "CBM 185 Extra"]
[Source "ChessBase"]
[SourceDate "2018.07.29"]
[SourceVersion "1"]
[SourceVersionDate "2018.07.29"]
[SourceQuality "1"]

1. e4 e6 2. Nf3 d5 3. Nc3 d4 4. Ne2 c5 5. c3 Nf6 6. e5 Nfd7 7. cxd4 cxd4 8. Nexd4 Nxe5 9. Bb5+ Nec6 10. Nxc6 Nxc6 11. 0-0 Be7 12. d4 0-0 13. Bxc6 bxc6 14. Qc2 Bb7 15. Be3 Rc8 16. Rfd1 Qa5 17. Rac1 Rfd8 18. Qd2 Qxa2 19. Ra1 Qb3 20. Qe2 a6 21. Bg5 f6 22. d5 e5 23. Nxe5 Rxd5 24. Rxd5 Qxd5 25. Rd1 Qe6 26. Rd7 fxg5 27. Rxb7 Bf6 28. Qc4 Qxc4 29. Nxc4 Bd4 30. Kf1 h6 31. f3 g4 32. fxg4 Rf8+ 33. Ke2 Rf2+ 34. Kd3 c5 35. b4 Rxg2 36. Rc7 cxb4 37. Kxd4 Rxg4+ 38. Kd5 Rg5+ 39. Kd4 Rh5 40. Ra7 Rh4+ 41. Kd3 Rh3+ 42. Kd4 Rh4+ 43. Kd3 Rxh2 44. Rxa6 Rh1 45. Rb6 Rd1+ 46. Nd2 Kh7 47. Rxb4 h5 48. Ke2 Rg1 49. Nf3 Rg2+ 50. Ke3 Kh6 51. Nh4 Ra2 52. Rb6+ Kh7 53. Nf3 Rg2 54. Rc6 g6 55. Nh4 Rg4 56. Nxg6 Rxg6 57. Rxg6 Kxg6 58. Kf4 1/2-1/2

[Event "IND-ch U19"]
[Site "Kankarbagh"]
[Date "2017.09.08"]
[Round "8"]
[White "Harshal, Shahi"]
[Black "Pranavananda, V."]
[Result "1/2-1/2"]
[WhiteElo "2106"]
[BlackElo "2135"]
[PlyCount "146"]
[EventDate "2017.09.03"]
[EventType "swiss"]
[EventRounds "11"]
[EventCountry "IND"]
[SourceTitle "CBM 180 Extra"]
[Source "ChessBase"]
[SourceDate "2017.10.06"]
[SourceVersion "1"]
[SourceVersionDate "2017.10.06"]
[SourceQuality "1"]

1. e4 c5 2. Nf3 d6 3. d4 cxd4 4. Nxd4 Nf6 5. Nc3 a6 6. Be3 e6 7. Be2 Be7 8. 0-0 0-0 9. Kh1 Nc6 10. f4 Bd7 11. Bf3 Rc8 12. a4 Na5 13. e5 Ne8 14. Qe2 Qc7 15. Bc1 g6 16. exd6 Bxd6 17. Ne4 Bxf4 18. Bxf4 Qxf4 19. b4 Nc6 20. Nxc6 Bxc6 21. Nc5 Qc7 22. Bxc6 Qxc6 23. Rad1 Nd6 24. Qe5 Rcd8 25. Qf6 Ne4 26. Qxd8 Rxd8 27. Rxd8+ Kg7 28. Rd7 Nxc5 29. Rdxf7+ Kh6 30. bxc5 Qxc5 31. Rxb7 Qxc2 32. a5 Qc4 33. Re1 Qc3 34. Rbb1 e5 35. Re4 Kg5 36. Rf1 Qxa5 37. h4+ Kh6 38. Rfe1 Qd8 39. R1e3 Kg7 40. Rxe5 Qxh4+ 41. Kg1 h5 42. R5e4 Qf6 43. Re6 Qd4 44. R6e4 Qb2 45. Re2 Qb6+ 46. Kh1 Qb1+ 47. Re1 Qc2 48. R1e2 Qd3 49. R4e3 Qf5 50. Rf3 Qb1+ 51. Kh2 Qb4 52. Rfe3 a5 53. Re4 Qd6+ 54. g3 Qc6 55. Re6 Qf3 56. R6e3 Qg4 57. Re4 Qg5 58. Ra4 Qd8 59. Rea2 Kh6 60. Rxa5 h4 61. gxh4 Qxh4+ 62. Kg1 Qe1+ 63. Kh2 g5 64. Ra8 Qe5+ 65. Kg1 Qd4+ 66. Kh1 Qd1+ 67. Kh2 Kh5 68. Rh8+ Kg6 69. Rg8+ Kh6 70. Rg2 Qh5+ 71. Kg1 Qd1+ 72. Kh2 Qd6+ 73. Kh1 Qd1+ 1/2-1/2

[Event "Mumbai Mayors Cup 10th"]
[Site "Mumbai"]
[Date "2017.06.11"]
[Round "10"]
[White "Pranavananda, V."]
[Black "Bhakti, Kulkarni"]
[Result "0-1"]
[WhiteElo "2166"]
[BlackElo "2292"]
[PlyCount "130"]
[EventDate "2017.06.04"]
[EventType "swiss"]
[EventRounds "10"]
[EventCountry "IND"]
[SourceTitle "CBM 178 Extra"]
[Source "ChessBase"]
[SourceDate "2017.06.22"]
[SourceVersion "1"]
[SourceVersionDate "2017.06.22"]
[SourceQuality "1"]

1. d4 d5 2. c4 c6 3. Nf3 Nf6 4. e3 g6 5. Nc3 Bg7 6. Be2 0-0 7. 0-0 a6 8. a4 a5 9. Bd2 Na6 10. cxd5 cxd5 11. Qb3 Nb4 12. Rfc1 Nc6 13. h3 Rb8 14. Ne5 Nxe5 15. dxe5 Ne4 16. Nxe4 dxe4 17. Bc3 b6 18. Bc4 e6 19. Rd1 Qc7 20. Rd6 Rd8 21. Rad1 Bd7 22. Bb5 Bxb5 23. Qxb5 Bf8 24. Rd7 Rxd7 25. Rxd7 Qc5 26. Qxc5 Bxc5 27. Kf1 b5 28. Rc7 Bb6 29. Rc6 bxa4 30. Rc4 a3 31. bxa3 Kf8 32. a4 Rd8 33. Ke2 Rd3 34. Bd2 Ra3 35. Rxe4 Ke7 36. Rc4 Kd7 37. g4 g5 38. f3 Ra1 39. Kd3 Rh1 40. Rc1 Rxh3 41. Rb1 Kc6 42. Ke4 Rh2 43. Kd3 Rf2 44. Rh1 Rxf3 45. Rh5 h6 46. Rxh6 Rg3 47. Rf6 Rxg4 48. Rxf7 Rxa4 49. e4 Rd4+ 50. Kc2 Rxe4 51. Bc3 g4 52. Kd3 Re3+ 53. Kc4 g3 54. Rg7 a4 55. Rg6 Kd7 56. Rg7+ Ke8 57. Bd2 Re2 58. Kd3 Rg2 59. Bb4 Rg1 60. Re7+ Kd8 61. Rxe6 g2 62. Rxb6 Rd1+ 63. Kc4 g1Q 64. Rb8+ Kc7 65. Bd6+ Rxd6 0-1

[Event "Mumbai Mayors Cup 10th"]
[Site "Mumbai"]
[Date "2017.06.09"]
[Round "8"]
[White "Pranavananda, V."]
[Black "Karthik, Venkataraman"]
[Result "1/2-1/2"]
[WhiteElo "2166"]
[BlackElo "2317"]
[PlyCount "159"]
[EventDate "2017.06.04"]
[EventType "swiss"]
[EventRounds "10"]
[EventCountry "IND"]
[SourceTitle "CBM 178 Extra"]
[Source "ChessBase"]
[SourceDate "2017.06.22"]
[SourceVersion "1"]
[SourceVersionDate "2017.06.22"]
[SourceQuality "1"]

1. e4 a6 2. d4 b5 3. Nf3 Bb7 4. Bd3 e6 5. Qe2 c5 6. c3 Nf6 7. Nbd2 Be7 8. dxc5 Bxc5 9. e5 Nd5 10. Ne4 Be7 11. a4 bxa4 12. Bg5 Bc6 13. c4 Nb4 14. Nd6+ Kf8 15. Bd2 Bxd6 16. exd6 Nxd3+ 17. Qxd3 a5 18. Ne5 Qb6 19. Bc3 f6 20. Qh3 Qc5 21. Ng6+ hxg6 22. Qxh8+ Kf7 23. 0-0 Na6 24. Qh4 Qf5 25. Rad1 Nc5 26. f3 e5 27. f4 Qe4 28. Qg3 Ne6 29. fxe5 f5 30. c5 Rh8 31. Bxa5 Rh5 32. Bd2 Qd4+ 33. Be3 Qxb2 34. Qf2 Qb3 35. g4 Rh4 36. Qxh4 Qxe3+ 37. Rf2 Ng5 38. e6+ Kxe6 39. gxf5+ gxf5 40. Qc4+ Ke5 41. Qe2 Nh3+ 42. Kf1 Bb5 43. Ke1 Bxe2 44. Rxe2 Qxe2+ 45. Kxe2 Nf4+ 46. Kf3 Ne6 47. c6 dxc6 48. d7 Nd8 49. Ra1 Ke6 50. Rxa4 g5 51. Ra5 Nb7 52. Ra7 Nd8 53. Ke3 Kd6 54. Ra5 c5 55. Ra7 Ne6 56. Kd3 g4 57. Ke3 Kc6 58. Kd3 Kd6 59. Ke3 Kc6 60. Kf2 Kd6 61. Kg3 Kc6 62. d8Q Nxd8 63. Kf4 c4 64. Kxf5 Kb5 65. Kxg4 c3 66. Kf3 c2 67. Ra1 Kc4 68. Ke3 Kc3 69. Rg1 Ne6 70. h4 Ng7 71. Ke2 Nh5 72. Ke3 Ng7 73. Kf4 Kb2 74. Kg5 c1Q+ 75. Rxc1 Kxc1 76. Kg6 Ne6 77. Kf6 Nf4 78. Kg5 Ne6+ 79. Kg4 Ng7 80. h5 1/2-1/2

[Event "Chennai op 9th"]
[Site "Chennai"]
[Date "2017.01.23"]
[Round "8"]
[White "Shiva, Pavan Teja Sharma U"]
[Black "Pranavananda, V."]
[Result "0-1"]
[WhiteElo "1905"]
[BlackElo "2163"]
[PlyCount "154"]
[EventDate "2017.01.18"]
[EventType "swiss"]
[EventRounds "10"]
[EventCountry "IND"]
[SourceTitle "CBM 176 Extra"]
[Source "ChessBase"]
[SourceDate "2017.03.02"]
[SourceVersion "1"]
[SourceVersionDate "2017.03.02"]
[SourceQuality "1"]

1. e4 Nf6 2. e5 Nd5 3. d4 d6 4. Nf3 dxe5 5. Nxe5 c6 6. Qf3 Be6 7. c3 Nd7 8. Nxd7 Qxd7 9. Bd3 Bg4 10. Qg3 Qe6+ 11. Kd2 Bf5 12. Re1 Qd7 13. Na3 Bxd3 14. Kxd3 c5 15. Be3 e6 16. Rac1 Nxe3 17. Qxe3 cxd4 18. cxd4 Bxa3 19. bxa3 0-0 20. Ke2 Rfd8 21. Red1 Qd5 22. Kf1 Qxa2 23. Rc7 Qd5 24. Rb1 b6 25. Rbc1 h6 26. Qf4 Rd7 27. Rxd7 Qxd7 28. Rc7 Qb5+ 29. Ke1 Qe8 30. Qf3 a5 31. Rxf7 e5 32. Rb7 exd4+ 33. Kd2 Rd8 34. Qg3 Qf8 35. Rxb6 Kh8 36. Rb7 a4 37. Rb4 d3 38. Rb7 Kh7 39. h4 Qf6 40. h5 Qa1 41. Qg6+ Kh8 42. Qf7 Qe5 43. Qe7 Qf4+ 44. Qe3 Qc4 45. Rb2 Qd5 46. g4 Qa5+ 47. Rb4 Qc7 48. Rb2 Qd6 49. Rb4 Qc6 50. Rb2 Qf6 51. Rb6 Qf8 52. Ra6 Re8 53. Re6 Rc8 54. g5 hxg5 55. h6 gxh6 56. Qe5+ Kg8 57. Rf6 Qe8 58. Qxe8+ Rxe8 59. Rxh6 Kg7 60. Ra6 Re2+ 61. Kxd3 Rxf2 62. Rxa4 Kg6 63. Ke3 Rf8 64. Ra7 g4 65. Rb7 g3 66. Rb2 Kg5 67. a4 Kg4 68. a5 Kh3 69. Rb7 g2 70. Rh7+ Kg3 71. Rg7+ Kh2 72. Kd4 Ra8 73. Rh7+ Kg1 74. Rh5 Rg8 75. Rb5 Kh2 76. Rb2 Ra8 77. Ra2 Kh1 0-1

[Event "Chennai op 9th"]
[Site "Chennai"]
[Date "2017.01.22"]
[Round "6"]
[White "Nester, Ihor"]
[Black "Pranavananda, V."]
[Result "1/2-1/2"]
[WhiteElo "2373"]
[BlackElo "2163"]
[PlyCount "99"]
[EventDate "2017.01.18"]
[EventType "swiss"]
[EventRounds "10"]
[EventCountry "IND"]
[SourceTitle "CBM 176 Extra"]
[Source "ChessBase"]
[SourceDate "2017.03.02"]
[SourceVersion "1"]
[SourceVersionDate "2017.03.02"]
[SourceQuality "1"]

1. Nf3 d5 2. d4 Nf6 3. c4 e6 4. g3 dxc4 5. Bg2 Nc6 6. Qa4 Bb4+ 7. Bd2 Nd5 8. Bxb4 Ndxb4 9. Na3 a6 10. 0-0 0-0 11. Ne5 Qxd4 12. Nxc6 Nxc6 13. Bxc6 bxc6 14. Nxc4 Rb8 15. Qc2 e5 16. Rfd1 Qc5 17. Rac1 Be6 18. b3 Rfd8 19. Rxd8+ Rxd8 20. Ne3 Qa5 21. Qxc6 Qxa2 22. Qxc7 Re8 23. Qxe5 Qxe2 24. b4 h6 25. Qf4 Rd8 26. Rc2 Qb5 27. Rc5 Qb7 28. g4 Rb8 29. Nc2 Rd8 30. Ne3 Qb8 31. Qe4 Bc8 32. h3 Bb7 33. Qe5 Bf3 34. Qxb8 Rxb8 35. Rc4 h5 36. Kh2 hxg4 37. hxg4 g6 38. Kg3 Be2 39. Rd4 Kg7 40. f4 Bb5 41. g5 f6 42. Re4 fxg5 43. fxg5 Kf7 44. Kf4 Bd7 45. Nc4 Kf8 46. Ne5 Be8 47. Rd4 Rb5 48. Re4 a5 49. bxa5 Rxa5 50. Rc4 1/2-1/2

[Event "Chennai op 9th"]
[Site "Chennai"]
[Date "2017.01.21"]
[Round "4"]
[White "Nitin, Senthilvel"]
[Black "Pranavananda, V."]
[Result "0-1"]
[WhiteElo "2427"]
[BlackElo "2163"]
[PlyCount "72"]
[EventDate "2017.01.18"]
[EventType "swiss"]
[EventRounds "10"]
[EventCountry "IND"]
[SourceTitle "CBM 176 Extra"]
[Source "ChessBase"]
[SourceDate "2017.03.02"]
[SourceVersion "1"]
[SourceVersionDate "2017.03.02"]
[SourceQuality "1"]

1. e4 c6 2. Nc3 d5 3. Nf3 dxe4 4. Nxe4 Nf6 5. Nxf6+ exf6 6. d4 Bd6 7. Be2 0-0 8. 0-0 Re8 9. h3 Nd7 10. c4 Nf8 11. Qc2 Ng6 12. Bd3 Be6 13. Rd1 Qd7 14. Bf1 Bf5 15. Qc3 Rad8 16. b4 Bb8 17. Be3 Qc7 18. g3 h5 19. h4 Bg4 20. Bg2 f5 21. Bg5 f6 22. Bd2 f4 23. Be1 Ne7 24. Qb3 fxg3 25. d5 cxd5 26. cxd5 Kh8 27. Nd4 gxf2+ 28. Bxf2 Qh2+ 29. Kf1 Ng6 30. Nf3 Qd6 31. Re1 Nf4 32. Bg3 Qxd5 33. Bxf4 Qb5+ 34. Kg1 Bxf4 35. a4 Qb6+ 36. Kh1 Qf2 0-1

[Event "New Delhi Parsvnath op 15th"]
[Site "New Delhi"]
[Date "2017.01.11"]
[Round "4"]
[White "Horvath, Adam"]
[Black "Pranavananda, V."]
[Result "1-0"]
[WhiteElo "2499"]
[BlackElo "2163"]
[PlyCount "74"]
[EventDate "2017.01.09"]
[EventType "swiss"]
[EventRounds "10"]
[EventCountry "IND"]
[SourceTitle "CBM 176 Extra"]
[Source "ChessBase"]
[SourceDate "2017.03.02"]
[SourceVersion "1"]
[SourceVersionDate "2017.03.02"]
[SourceQuality "1"]

1. e4 c5 2. Nf3 d6 3. d4 cxd4 4. Nxd4 Nf6 5. Nc3 a6 6. Be3 e6 7. f3 b5 8. Qd2 Bb7 9. g4 Nfd7 10. 0-0-0 Nb6 11. Nb3 Nc4 12. Bxc4 bxc4 13. Nc5 Qc7 14. Nxb7 Qxb7 15. Bc5 Nc6 16. Bxd6 Rd8 17. Qf4 Bxd6 18. Rxd6 0-0 19. Rxd8 Rxd8 20. Rd1 Rb8 21. b3 Rc8 22. e5 Qb8 23. Rd6 cxb3 24. axb3 Qc7 25. Qc4 Qb7 26. Qc5 h6 27. Kb2 Ne7 28. Qe3 Qc7 29. Qd3 Ng6 30. Qd4 a5 31. h4 Nxh4 32. Rd7 Qc6 33. f4 g6 34. Rd8+ Kg7 35. f5 gxf5 36. gxf5 Rxd8 37. f6+ Kh7 1-0

[Event "IND-ch U17"]
[Site "Kolkata"]
[Date "2016.09.09"]
[Round "1"]
[White "Pranavananda, V."]
[Black "Solanki, Rutvik"]
[Result "1-0"]
[WhiteElo "2271"]
[BlackElo "1534"]
[PlyCount "65"]
[EventDate "2016.09.09"]
[EventType "swiss"]
[EventRounds "11"]
[EventCountry "IND"]
[SourceTitle "CBM 174 Extra"]
[Source "ChessBase"]
[SourceDate "2016.10.10"]
[SourceVersion "1"]
[SourceVersionDate "2016.10.10"]
[SourceQuality "1"]

1. b3 Nf6 2. Bb2 e6 3. Nf3 d5 4. e3 Be7 5. d4 0-0 6. Bd3 b6 7. 0-0 Bb7 8. c4 dxc4 9. bxc4 c5 10. Nbd2 Nc6 11. Rc1 Qc7 12. Nb3 Rfd8 13. Qe2 Nb4 14. Bb1 Ng4 15. Nbd2 Bf6 16. h3 cxd4 17. exd4 Bxd4 18. Bxd4 Rxd4 19. hxg4 Rxg4 20. Qe3 Rd8 21. Rfd1 h5 22. a3 Na6 23. Be4 Nc5 24. Bxb7 Qxb7 25. Nb3 Rb8 26. Nxc5 bxc5 27. Rd3 h4 28. Rcd1 h3 29. g3 Qb6 30. Rd8+ Kh7 31. Ng5+ Kg6 32. Nxh3 Qc7 33. Kh2 1-0

[Event "Abu Dhabi op 23rd"]
[Site "Abu Dhabi"]
[Date "2016.08.28"]
[Round "8"]
[White "Pranavananda, V."]
[Black "Saim, Mohamed Ilias"]
[Result "0-1"]
[WhiteElo "2271"]
[BlackElo "2109"]
[PlyCount "82"]
[EventDate "2016.08.21"]
[EventType "swiss"]
[EventRounds "9"]
[EventCountry "UAE"]
[SourceTitle "CBM 174 Extra"]
[Source "ChessBase"]
[SourceDate "2016.10.10"]
[SourceVersion "1"]
[SourceVersionDate "2016.10.10"]
[SourceQuality "1"]

1. e4 e5 2. Nf3 Nc6 3. d4 exd4 4. Nxd4 Nf6 5. Nxc6 bxc6 6. Qe2 d6 7. e5 dxe5 8. Qxe5+ Be7 9. Bd3 0-0 10. 0-0 Re8 11. Nc3 Bd6 12. Qa5 Re5 13. Qa4 Rh5 14. h3 Bxh3 15. Be2 Bg4 16. Bxg4 Nxg4 17. Qxg4 Rh4 18. Qf5 g6 19. Bg5 gxf5 20. Bxd8 Rxd8 21. Rfd1 Rb8 22. b3 Bh2+ 23. Kf1 Be5 24. Ne2 Bxa1 25. Rxa1 Rh1+ 26. Ng1 Rd8 27. Rc1 c5 28. Ke2 c4 29. bxc4 Rd4 30. c3 Rxc4 31. Kf1 f4 32. Rc2 a5 33. f3 a4 34. a3 Kg7 35. Kf2 Kf6 36. Rc1 Rh5 37. Ne2 Rb5 38. Rh1 h5 39. g3 Rb2 40. gxf4 Rxc3 41. Rxh5 Rxa3 0-1

[Event "Abu Dhabi op 23rd"]
[Site "Abu Dhabi"]
[Date "2016.08.22"]
[Round "2"]
[White "Pranavananda, V."]
[Black "Wang, Xinyue"]
[Result "1-0"]
[WhiteElo "2271"]
[BlackElo "2092"]
[PlyCount "125"]
[EventDate "2016.08.21"]
[EventType "swiss"]
[EventRounds "9"]
[EventCountry "UAE"]
[SourceTitle "CBM 174 Extra"]
[Source "ChessBase"]
[SourceDate "2016.10.10"]
[SourceVersion "1"]
[SourceVersionDate "2016.10.10"]
[SourceQuality "1"]

1. b3 e5 2. Bb2 Nc6 3. e3 d6 4. Nf3 Nge7 5. d4 e4 6. Nfd2 d5 7. c4 f5 8. cxd5 Nxd5 9. Bb5 Bd7 10. Nxe4 Qh4 11. Ng3 Bb4+ 12. Nd2 f4 13. exf4 Qxf4 14. a3 Nc3 15. Bxc3 Bxc3 16. Ne2 Bxd2+ 17. Qxd2 Qxd2+ 18. Kxd2 0-0-0 19. Kc3 a6 20. Bc4 Rhf8 21. f3 g5 22. Rhe1 h5 23. d5 Ne5 24. Nd4 Rde8 25. Ne6 Bxe6 26. Rxe5 Bf5 27. Rae1 Rxe5 28. Rxe5 Kd7 29. Bd3 Bxd3 30. Kxd3 g4 31. Ke4 gxf3 32. gxf3 h4 33. Rh5 Re8+ 34. Kd3 Kd6 35. Rxh4 Kxd5 36. Rh7 b5 37. Rxc7 Rh8 38. Ra7 Rxh2 39. Rxa6 Rb2 40. Kc3 Rf2 41. Kb4 Rxf3 42. Rb6 Rh3 43. Rxb5+ Kc6 44. Rc5+ Kb6 45. Rc4 Rh6 46. a4 Rg6 47. Rh4 Rf6 48. a5+ Ka6 49. Ka4 Rg6 50. b4 Rg1 51. Rh6+ Kb7 52. Rh7+ Kb8 53. a6 Ra1+ 54. Kb5 Rg1 55. Ka5 Rg8 56. b5 Rg5 57. Rb7+ Ka8 58. Rc7 Kb8 59. Rc6 Ka7 60. Kb4 Rg4+ 61. Rc4 Rg5 62. Rc7+ Kb8 63. b6 1-0

[Event "Abu Dhabi op 23rd"]
[Site "Abu Dhabi"]
[Date "2016.08.21"]
[Round "1"]
[White "Lalith, Babu MR"]
[Black "Pranavananda, V."]
[Result "1-0"]
[WhiteElo "2575"]
[BlackElo "2271"]
[PlyCount "91"]
[EventDate "2016.08.21"]
[EventType "swiss"]
[EventRounds "9"]
[EventCountry "UAE"]
[SourceTitle "CBM 174 Extra"]
[Source "ChessBase"]
[SourceDate "2016.10.10"]
[SourceVersion "1"]
[SourceVersionDate "2016.10.10"]
[SourceQuality "1"]

1. Nf3 b6 2. c4 Bb7 3. d4 Nf6 4. g3 g6 5. Bg2 Bg7 6. Nc3 Ne4 7. Na4 e6 8. 0-0 Qc8 9. Qc2 0-0 10. Bf4 d6 11. Rac1 Nd7 12. d5 f5 13. dxe6 Ndc5 14. Nxc5 bxc5 15. b4 cxb4 16. e7 Re8 17. c5 Nxc5 18. Qc4+ Qe6 19. Qxb4 a5 20. Qb5 Ba6 21. Qc6 Qxe7 22. Qd5+ Kh8 23. Ng5 Bb7 24. Qc4 h6 25. Nf7+ Kh7 26. Bxb7 Nxb7 27. Qxc7 g5 28. Bxd6 Qxc7 29. Rxc7 Nd8 30. Nxd8 Raxd8 31. Be7 Rd2 32. Bf6 Rg8 33. Rb1 Kg6 34. Bxg7 Rxg7 35. Rc6+ Kh7 36. e3 Rxa2 37. Rbb6 a4 38. Rxh6+ Kg8 39. Rb8+ Kf7 40. Ra6 f4 41. exf4 gxf4 42. Rb4 fxg3 43. hxg3 Kg8 44. Rbxa4 Rb2 45. Ra8+ Kh7 46. R8a7 1-0